000 00315nam a2200133Ia 4500
005 20251222155038.0
008 251222s9999||||xx |||||||||||||| ||spa||
082 _aESC. 51
100 _aO.P.S.
245 0 _aAdminist.Sanitaria Emergencia Desastres Nat.
250 _a3ra. ed.
264 _bOPS/OMS
942 _cLIB
999 _c36816
_d36816